Estudios de crítica literaria
Guardat en:
| Autor principal: | |
|---|---|
| Format: | Llibre |
| Idioma: | espanyol |
| Publicat: |
Buenos Aires
Glem
1884
|
| Matèries: | |
| Etiquetes: |
Afegir etiqueta
Sense etiquetes, Sigues el primer a etiquetar aquest registre!
|
MARC
| LEADER | 00000nam a2200000 a 4500 | ||
|---|---|---|---|
| 001 | UCH1993 | ||
| 003 | CL-VaPUC | ||
| 008 | 090520e18840000AG |||||||||||||||||spa|d | ||
| 082 | 0 | 4 | |a 860.9 |b MEN |2 21 |
| 100 | |a Menéndez y Pelayo, Marcelino |e autor |9 478094 | ||
| 245 | 1 | 0 | |a Estudios de crítica literaria |
| 300 | |a 215 p | ||
| 942 | |c BK | ||
| 945 | |d 20090520 00:00:00 |a dcastane | ||
| 260 | |a Buenos Aires |b Glem |c 1884 | ||
| 650 | 0 | |a Literatura española |9 306261 | |
| 650 | 0 | |a Crítica literaria |9 269189 | |
| 650 | 0 | |a Historia |9 255047 | |
| 650 | 0 | |a Teatro español |9 265077 | |
| 650 | 7 | |a NOVELA ESPAÑOLA |2 CL-VaPUC |9 313139 | |
| 650 | 0 | |a Poesía española |9 264938 | |
| 583 | |a last modification |c 20090520 00:00:00 |k Rodrigo Vera | ||
| 999 | |c 333862 |d 333860 | ||
| 952 | |0 0 |1 0 |4 0 |6 860_900000000000000_MEN_1884 |7 0 |8 A |9 422505 |a BIBHIS |b BIBHIS |d 2019-11-22 |i 4518063 |o 860.9 MEN 1884 |p 4518063 |r 2025-01-20 |w 2019-11-22 |y BK |k HIS | ||